El mundo invisible que nos rodea /

Guardado en:
Autor Corporativo: National Geographic.
Formato: Deslizar
Series:Los especiales de la National Geographic
Materias:
Etiquetas: Agregar Etiqueta
Sin Etiquetas, Sea el primero en etiquetar este registro!
LEADER 00942ngm a22002655g 4500
001 CEM.cems021443
008 130507b1992##################0###0#####d
005 20240823154934.0
245 0 0 |a El mundo invisible que nos rodea / 
300 |a 42 
490 0 |a Los especiales de la National Geographic 
500 |a En soporte VHS, consultar en ventanilla. 
505 0 |a El ojo humano y suplementos artificiales que nos ayudan a ver el mundo. Cámaras fotográficas. Lentes. Microscopios. Imágenes de pequeñas superficies. 
538 |a Soporte: VHS - Norma: Pal N - Color - Grabación Drd 1992 - Hitachi=1440 
110 2 |a National Geographic. 
082 5 3 |/ CAM 
653 |a FISICA 
653 |a OPTICA 
653 |a EL OJO 
653 |a CAMARA FOTOGRAFICA 
653 |a LENTE 
653 |a MICROSCOPIO 
653 |a NIVEL PRIMARIO 
653 |a NIVEL SECUNDARIO 
859 |a CEMS  |b BIB. CEMS - Depto. Recursos Didacticos  |h 530  |i CAM  |k DRD  |p 86.12  |t Ej.1